Unavailable Brainrots in Steal a Brainrot - Statistics

General Stats
  • This quiz has been taken 16 times
    6 since last reset
  • The average score is 3 of 9
Answer Stats
Why Unavailable? Answer % Correct
Replaced Chimpanzini Spiderini
67%
Inappropriate Name Crocodilo Peninsini
67%
Never Released Kings Coleslaw
67%
Replaced Gattatino Neonino
33%
Never Released Hokka Horloge
33%
Copyrighted Statutino Libertino
33%
Never Released Tamaluk un Meass
33%
Admin Only Developorini Braziliaspidini
0%
Never Released Ice Dragon
0%
No matching quizzes found
Score Distribution
Percent of People with Each Score
Percentile by Number Answered
Your Score History
You have not taken this quiz since the last reset